| 000 | 01298cam a2200373 a 4500 | ||
|---|---|---|---|
| 001 | 2212 | ||
| 003 | FISKH | ||
| 005 | 20250731135912.0 | ||
| 008 | 110712s2012 nyua b 000 1 eng | ||
| 010 | _a 2011019366 | ||
| 020 | _a9780062110589 (trade bdg.) | ||
| 020 | _a9780062110596 (lib. bdg.) | ||
| 020 | _a9780545649148 | ||
| 040 |
_aDLC _cDLC _dDLC _beng |
||
| 042 |
_alcac _apcc |
||
| 050 | 0 | 0 |
_aPZ7.L7376 _bPff 2012 |
| 082 | 0 | 0 |
_a513.2 _223 |
| 100 | 1 | _aLitwin, Eric. | |
| 245 | 1 | 0 |
_aPete the cat and his four groovy buttons / _cWritten by Eric Litwin ; Art by James Dean (creator of Pete the Cat) |
| 250 | _aFirst Scholastic printing, September 2013 | ||
| 260 |
_aNew York : _bScholastic, _c2012 |
||
| 300 |
_a40 unnumbered pages : _bcolor illustrations ; _c28 cm |
||
| 505 | _aF | ||
| 520 | _aPete the cat loves the buttons on his shirt so much that he makes up a song about them, and even as the buttons pop off, one by one, he still finds a reason to sing. | ||
| 521 | 1 |
_a350
_bLexile AD |
|
| 521 | 1 |
_aF
_bRaz-Plus |
|
| 650 | 1 |
_aCats _vFiction. |
|
| 650 | 1 |
_aButtons _vFiction. |
|
| 650 | 1 |
_aSinging _vFiction. |
|
| 650 | 1 | _aCounting. | |
| 700 | 1 |
_aDean, James, _d1957- _eillustrator |
|
| 906 |
_a7 _bcbc _corignew _d1 _eecip _f20 _gy-gencatlg |
||
| 942 |
_2ddc _cBK _n0 |
||
| 999 |
_c2212 _d2212 |
||